000 00334nam a2200133Ia 4500
008 240624s9999 xx 000 0 und d
041 _aeng
082 _a005.133 SHE
100 _aSHEATHER SIMON
245 _aMODERN APPROACH TO REGRESSION WITH R
260 _c2009
_aTexas
_bSpringer
300 _axiv, , 393 : p.
365 _cERU
_b30
999 _c29209
_d29209